00289nam a2200121Ia 4500008004100000041000900041082001800050100002600068245002400094260003300118300000800151650000800159230718s9999 xx 000 0 und d aEng. a247.69bYAS-T aYaseen Prof. Mohammad 4aThe best Messenger  aPakistanbWalayoston &c2001 a144 aLaw